000 00485 a2200181 4500
001 138036
020 _a9788574068145
040 _cLeonardo Da Vinci
041 _aPortuguês
082 _aIJ C431p
_bC431p
100 _aCHACHAMOVITS, Beatriz
245 _aPequeno manual de peixes marinhos e outras maravilhas aquáticas
260 _bCompanhia das Letrinhas
_c2018
_aSão Paulo
300 _a[44] p
362 _a20180000
697 _aLiteratura infantojuvenil
942 _cBK
999 _c138036
_d138036